000
00261nam a22001217a 4500
008
170904b xxu||||| |||| 00| 0 eng d
041
_a
eng
080
_2
3 ED
_a
070
100
_a
40
101
_a
MED
245
_a
EXPOSURE MANUAL
_c
DUNN.J.F
942
_2
udc
_c
BK
999
_c
25966
_d
25966